000 00493cam a2200205 4500
001 D6675
008 090401t1956 xxu||||| |||| 00| 0 eng d
035 _a(Sirsi) u2415
041 _aeng
050 _a711.14
100 _aLichfield, Nathaniel
245 _aEconomics of planned development
250 _a4th
260 _aLondon
_bEstates Gazette
_c1956
300 _axxiv. 460p. maps. tables. 22cm
350 _a2.63
520 _aReprint 1969
942 _n0
948 _c04/03/1997
999 _c85769
_d85769